| 000 | 00380nam a2200145Ia 4500 | ||
|---|---|---|---|
| 005 | 20250404011856.0 | ||
| 008 | 240331s9999 xx 000 0 und d | ||
| 082 |
_bSIV _a894 |
||
| 100 | _aSivathamby, K, C | ||
| 245 | 0 | _aUyirppuhal | |
| 260 |
_aKaraveddy _bKalasara Kooduravu _c1986 |
||
| 300 | _a144 p ., | ||
| 500 | _aA Collection of Short Stories Of Twelve Writers | ||
| 942 | _cL | ||
| 999 |
_c4020 _d4020 |
||